Statistics for City Names by Every Other Letter 3

Click here to take the quiz!

General Stats

  • This quiz has been taken 24 times
  • The average score is 13 of 24

Answer Stats

HintAnswer% Correct
A_D_S_B_B__D_I_A_A_A
81%
A_D_R_A_A_E_L__N_O_R_L_V_L_A
81%
B_I_G_T_W__R_D_E_O_N
76%
S_L_M_N_A_A_A_A_C_
71%
M_R_A_E_H_A_R_K_S_
67%
B_L_H_R_Z_N_E_E_O_O_I_O_T_
67%
T_G_C_G_L_A_E_U_I_A_P_
67%
O_L_H_M_C_T__K_A_O_A_I_Y
67%
M_R_E_L_E_A_S_I_L_
62%
W_L_I_G_O__E_L_N_T_N
62%
V_E_T_A_E_I_N_I_N_
62%
Q_E_Z_L_E_A_G__U_T_A_T_N_N_O
62%
W_L_E_H_M_T_N_O_V_R_A_P_O_
57%
Y_K_T_R_N_U_G_E_A_E_I_B_R_
52%
A_U_S_A_I_N_E__G_A_C_L_E_T_S
52%
L_B_E_I_L__I_R_V_L_E
48%
L_N_Y_A_B_E__O_G_E_R_Y_N
48%
P_R_O_S_A_N_O_T_F_P_I_
48%
C_N_T_N_I_E_O_S_A_T_N_
43%
K_I_E_S_A_T_R__A_S_R_L_U_E_N
38%
C_G_Y_N_E_R__A_A_A_D_O_O
33%
Z_A_G_I_J_E_H_N_J_A_I_
33%
T_O_S_I_I_R_S_R_I_R_V_E_E_
33%
P_E_T_I_U_Z__U_R_O_G_A_U
29%

Score Distribution

Percentile by Number Answered

Percent of People with Each Score

Your Score History

You have not taken this quiz